Score 0/18 Timer 04:00
0 Plays Today
% Correct
Alexis Sánchez
100%
Daley Blind
81.3%
Mohamed Salah
76.3%
Ryan Shawcross
75%
Mamadou Sakho
72.5%
Andros Townsend
71.3%
Ayoze Pérez
63.8%
Muhamed Besic
51.3%
Mohamed Diamé
51.3%
% Correct
Toby Alderweireld
43.8%
Joey O'Brien
43.8%
Graham Dorrans
40%
Glenn Murray
38.8%
Jordon Mutch
36.3%
Marvin Sordell
32.5%
Danny Simpson
31.3%
Chris Herd
22.5%
Nélson Oliveira
15%
Remove Ads.
Support Sporcle.
Get the best of Sporcle when you Go Orange. This ad-free experience offers more features, more stats, and more fun while also helping to support Sporcle. Thank you for becoming a member.

You're not logged in!

Compare scores with friends on all Sporcle quizzes.
OR
Log In

Show Comments

Extras

Top Quizzes Today


Score Distribution

Your Account Isn't Verified!

In order to create a playlist on Sporcle, you need to verify the email address you used during registration. Go to your Sporcle Settings to finish the process.

Report this User

Report this user for behavior that violates our Community Guidelines.

Details: